| 000 | 00811nam a2200289Ia 4500 | ||
|---|---|---|---|
| 008 | 171025s9999 xx 000 0 und d | ||
| 020 | _a9780892968343 | ||
| 050 | _a248.4 | ||
| 050 | _bO85 2004 | ||
| 100 | _aOsteen, Joel | ||
| 245 | _aYour best life now : | ||
| 245 | _b7 steps to living at your full potential / | ||
| 245 | _cby Joel Osteen. | ||
| 250 | _aFirst edition | ||
| 260 | _aNew York : | ||
| 260 | _bWarner Faith, | ||
| 260 | _c2004 | ||
| 300 | _axi, 399 pages : | ||
| 300 | _billustrations ; | ||
| 300 | _c17cm. | ||
| 650 | _aSelf actualization (Psychology) -- | ||
| 650 | _aSuccess -- | ||
| 650 | _xReligious aspects -- Christianity. | ||
| 650 | _xReligious aspects -- Christianity. | ||
| 700 | _aTitle : Seven steps to living at your full potential. | ||
| 700 | _aTitle. | ||
| 999 |
_c344464 _d344464 |
||